000
00345nas a2200157 a 4500
001
34229
003
100939
005
20201118101039.0
008
||||||n9999 ||| || ||
041
_a
eng
245
0
_a
Time - Vol.96 No.1-6
260
_a
Estados Unidos :
_b
Time,
_c
1970.
562
_e
1
773
_0
21966
_a
Time
942
_c
SISS
999
_c
34229
_d
34229